Pemikiran praktikal : membincangkan cara-cara praktikal bagi pemikiran yang betul

Bibliographic Details
Main Author: De Bono, Edward, , 1933-
Format: Book
Published: Kuala Lumpur : Golden Books Centre , 2001
Subjects:

MARC

LEADER 00000cam a2200000 7i4500
001 0000003338
005 20050823.0
020 0 0 |a 9837204478 
090 0 0 |a 153.42   |b DEB 
100 1 0 |a De Bono, Edward, ,   |d 1933- 
245 1 0 |a Pemikiran praktikal :   |b membincangkan cara-cara praktikal bagi pemikiran yang betul   |c Edward de Bono 
260 0 0 |a Kuala Lumpur :   |b Golden Books Centre ,   |c 2001 
300 |a 227ms. ;   |c 21cm. 
650 0 0 |a Human information processing 
650 0 0 |a Thought and thinking 
999 |a 0000006317   |b Monograph   |c Open Shelf   |e Default branch